01036nam a2200241 a 4500001001000000005001700010008004100027041000800068044000700076084002000083100004500103245009500148260003100243300001700274500018100291500007500472500001000547650005200557650005600609650003400665650004500699740005000744BRCA_264720190320203915.0011208s1880----sp-#---###---#000-0#spa-u aspa asp a192b.M69c18801 aCervantes Saavedra, Miguel ded1547-161610aEl Ingenioso Hidalgo Don Quijote de la Manchaccompuesto por Miguel de Cervantes Saavedra. aMadridbMoya y Plazac1880 a2 v.c13 cm. aContenido : v 1. Primera parte. Dedicatoria del autor. Prólogo del autor. Versos preliminares. Texto. -- v 2. Segunda parte. Dedicatoria del autor. Prólogo del autor. Texto aEjemplar igual al LO-191. Semipiel; lomeras decoradas Lúdovik Osterc aQM18114aNovela españolayÉpoca clásica, 1500-170014aLiteratura españolayÉpoca clásica, 1500-170014aNovela españolaySiglo XVII14aDon Quijote (Personaje ficticio)eNovela0 aEl Ingenioso Hidalgo Don Quijote de la Mancha